Capítulo I. Marco teórico y metodológico /
Este capitulo organiza la información de la siguiente manera: en la primera parte se analiza y describe brevemente el contexto histórico de la guerra y el proceso político durante la década de los ochenta en El Salvador, luego se narra de manera concisa e proceso de negociación de paz, para después...
Shranjeno v:
| Glavni avtor: | |
|---|---|
| Format: | Texto |
| Jezik: | Spanish |
| Izdano: |
Guatemala:
F & G Editores. Centro Internacional de Investigaciones para el Desarrollo
|
| Teme: | |
| Oznake: |
Označite
Brez oznak, prvi označite!
|
MARC
| LEADER | 00000 a a2200000 04500 | ||
|---|---|---|---|
| 001 | 37125 | ||
| 003 | cru IIS | ||
| 005 | 20230704141435.0 | ||
| 008 | 230704b |||||||| |||| 00| 0 spa d | ||
| 020 | |a 978-99922-61-64-4 | ||
| 040 | |c CRAI/IIS | ||
| 090 | |a 0002 A996c | ||
| 100 | |a Azpuru, Dinorah | ||
| 245 | |a Capítulo I. Marco teórico y metodológico / |c Dinorah Azpuru | ||
| 260 | |a Guatemala: |b F & G Editores. Centro Internacional de Investigaciones para el Desarrollo | ||
| 300 | |a 1-50 p. | ||
| 520 | |a Este capitulo organiza la información de la siguiente manera: en la primera parte se analiza y describe brevemente el contexto histórico de la guerra y el proceso político durante la década de los ochenta en El Salvador, luego se narra de manera concisa e proceso de negociación de paz, para después presentar las condiciones políticas, económicas y sociales en que se encontraba el país al momento de la firma de los Acuerdos de Paz desde la perspectiva de las dimensiones e indicadores del estudio. Luego se analiza el proceso de implementación de los Acuerdos de Paz presentado una visión estratégica y de conjunto del mismo. La segunda parte presenta la contribución de la paz a la construcción de la democracia política, en cada una de las dimensiones mencionadas: Estado de Derecho, democracia representativa, participación y espacio público, preeminencia del poder civil y cultura democrática. A su vez, cada uno de estos apartados desarrolla una parte introductoria, luego viene la presentación y el análisis de los resultados de la valoración que se ve enriquecido por las valoraciones de los entrevistados, y al final se presentan las conclusiones de cada dimensión. En la parte final, se presentan las conclusiones y se identifican los principales desafíos | ||
| 650 | |a DEMOCRACIA | ||
| 650 | |a EL SALVADOR | ||
| 773 | 0 | |0 1653 |9 9374 |a Azpuru, Dinorah |d Guatemala: F & G Editores. Centro Internacional de Investigaciones para el Desarrollo 2007 |o 04506 |t Construyendo la democracia en sociedades posconflicto: Guatemala y El Salvador, un enfoque comparado / |w (cru CIDCACS/IIS)37118 |z 978-99922-61-64-4 | |
| 942 | |2 ddc |c LI | ||
| 999 | |c 8831 |d 8831 | ||



